Oral Health Care Access (Record no. 18054)

MARC details
000 -LEADER
fixed length control field 00344nam a22001457a 4500
003 - CONTROL NUMBER IDENTIFIER
control field SGT
020 ## - INTERNATIONAL STANDARD BOOK NUMBER
International Standard Book Number 9781437712070
082 ## - DEWEY DECIMAL CLASSIFICATION NUMBER
Classification number 617.601
Item number O09G
100 ## - MAIN ENTRY--PERSONAL NAME
Personal name Gary A. Colangelo
245 ## - TITLE STATEMENT
Title Oral Health Care Access
260 ## - PUBLICATION, DISTRIBUTION, ETC. (IMPRINT)
Place of publication, distribution, etc DELHI
Name of publisher, distributor, etc DCNA ELSEVIER INDIA
Year of Publication 2009
300 ## - PAGE DESCRIPTION
No. of Pages 399-615
650 ## - SUBJECT ADDED ENTRY--TOPICAL TERM
Topical term or geographic name as entry element PUBLIC HEALTH DENTISTRY
942 ## - ADDED ENTRY ELEMENTS (KOHA)
Source of classification or shelving scheme Dewey Decimal Classification
Koha item type Books
Holdings
Withdrawn status Lost status Source of classification or shelving scheme Damaged status Not for loan Home library Current library Shelving location Date acquired Vendor Name Volume Information (Serial or Books or Non-Book Material) SGTU Total Checkouts Full call number Accession No. (Barcode) Date last seen Bill Date Koha item type
    Dewey Decimal Classification     SGT Dental Library SGT Dental Library Reference Book 27/05/2019 AHUJA SUBSCRIPTION AGENCY 53.3 SGTU   617.601 O09G FD8027 27/05/2019 27/05/2019 Books